Rhyme & reason / (Record no. 118836)
[ view plain ]
| 000 -LEADER | |
|---|---|
| fixed length control field | 00794cam a2200253 a 4500 |
| 001 - CONTROL NUMBER | |
| control field | 2814157 |
| 003 - CONTROL NUMBER IDENTIFIER | |
| control field | ARRUPE |
| 005 - DATE AND TIME OF LATEST TRANSACTION | |
| control field | 20131128171023.0 |
| 008 - FIXED-LENGTH DATA ELEMENTS--GENERAL INFORMATION | |
| fixed length control field | 830707s1981 scua 000 0 eng |
| 010 ## - LIBRARY OF CONGRESS CONTROL NUMBER | |
| LC control number | 82177857 |
| 020 ## - INTERNATIONAL STANDARD BOOK NUMBER | |
| International Standard Book Number | 0890841411 (pbk.) |
| 040 ## - CATALOGING SOURCE | |
| Original cataloging agency | DLC |
| Transcribing agency | DLC |
| Modifying agency | DLC |
| 050 00 - LIBRARY OF CONGRESS CALL NUMBER | |
| Classification number | B765.T54 |
| Item number | M393 |
| 300 ## - PHYSICAL DESCRIPTION | |
| Other physical details | col. ill. ; |
| Dimensions | 28 cm. |
| 100 ## - MAIN ENTRY--PERSONAL NAME | |
| Personal name | McInerny, Ralph |
| 9 (RLIN) | 4358 |
| 245 00 - TITLE STATEMENT | |
| Title | Rhyme & reason / |
| Statement of responsibility, etc | [compiled by] Bob Jones. |
| 260 ## - PUBLICATION, DISTRIBUTION, ETC. (IMPRINT) | |
| Place of publication, distribution, etc | Milwaukee : |
| Name of publisher, distributor, etc | Marquette University Press, |
| Date of publication, distribution, etc | c1982. |
| 300 ## - PHYSICAL DESCRIPTION | |
| Extent | ix, 213 p. : |
| 500 ## - GENERAL NOTE | |
| General note | Rev. ed. of: Inspirational and devotional verse. [1946] |
| 650 #0 - SUBJECT ADDED ENTRY--TOPICAL TERM | |
| Topical term or geographic name as entry element | Christian poetry. |
| 9 (RLIN) | 4359 |
| 700 1# - ADDED ENTRY--PERSONAL NAME | |
| Personal name | Jones, Bob, |
| Dates associated with a name | 1911-1997. |
| 9 (RLIN) | 4360 |
| 740 0# - ADDED ENTRY--UNCONTROLLED RELATED/ANALYTICAL TITLE | |
| Uncontrolled related/analytical title | Rhyme and reason. |
| 906 ## - LOCAL DATA ELEMENT F, LDF (RLIN) | |
| a | 7 |
| b | cbc |
| c | orignew |
| d | 3 |
| e | ncip |
| f | 19 |
| g | y-gencatlg |
| 942 ## - ADDED ENTRY ELEMENTS (KOHA) | |
| Source of classification or shelving scheme | Library of Congress Classification |
| Koha item type | Monograph ( Printed materials) |
| Withdrawn status | Lost status | Source of classification or shelving scheme | Damaged status | Not for loan | Collection code | Home library | Current library | Shelving location | Date acquired | Total Checkouts | Full call number | Barcode | Date last seen | Price effective from | Koha item type |
|---|---|---|---|---|---|---|---|---|---|---|---|---|---|---|---|
| Library of Congress Classification | Main Collection | ARRUPE LIBRARY | ARRUPE LIBRARY | Main Collection | 28/11/2013 | B765.T54 M393 | 46410293 | 28/11/2013 | 28/11/2013 | Monograph ( Printed materials) |